Sociální ekonomika v evropském kontextu

Na minha lista:
Detalhes bibliográficos
Autor principal: Dohnalová, Marie
Autor Corporativo: Univerzita Karlova v Praze. Fakulta humanitních studií
Formato: Livro
Idioma:tcheco
Publicado em: Brno Nadace Universitas 2006
Colecção:Scientia sv. 14.
Assuntos:
Tags: Adicionar Tag
Sem tags, seja o primeiro a adicionar uma tag!

MARC

LEADER 00000nam$a2200000$$$4500
001 0076321
005 20231215114911.3
020 |a 80-7204-428-1 
041 0 |a cze 
044 |a CZ 
245 1 0 |a Sociální ekonomika v evropském kontextu  |c Marie Dohnalová 
264 1 |a Brno  |b Nadace Universitas  |c 2006 
300 |a 314 s. 
490 1 |a Scientia  |v sv. 14. 
830 0 |a Scientia  |v sv. 14. 
610 2 0 |a politika sociálna 
610 2 0 |a sektor terciárny 
610 2 0 |a družstvá 
610 2 0 |a Európska únia 
610 2 0 |a hospodárstvo trhové sociálne 
100 1 |a Dohnalová, Marie 
710 2 |a Univerzita Karlova v Praze. Fakulta humanitních studií